Entrenamiento de la resistencia: fundamentos, métodos y dirección del entrenamiento
Guardat en:
| Autor principal: | |
|---|---|
| Format: | Llibre |
| Idioma: | espanyol |
| Publicat: |
Barcelona
Eds. Martínez Roca
1991
|
| Col·lecció: | Deportes Técnicos
|
| Matèries: | |
| Etiquetes: |
Afegir etiqueta
Sense etiquetes, Sigues el primer a etiquetar aquest registre!
|
MARC
| LEADER | 00000nam a2200000 a 4500 | ||
|---|---|---|---|
| 001 | UCW7759 | ||
| 003 | CL-VaPUC | ||
| 008 | 930824e19910000SP |||||||||||||||||spa|d | ||
| 082 | 0 | 4 | |a 796.077 |b ZIN |2 21 |
| 100 | 0 | |a Zintl, Fritz |e author |9 312965 | |
| 245 | 1 | 0 | |a Entrenamiento de la resistencia: fundamentos, métodos y dirección del entrenamiento |
| 300 | |a 225 p | ||
| 942 | |c BK | ||
| 945 | |d 19930824 00:00:00 |a rbrito | ||
| 260 | |a Barcelona |b Eds. Martínez Roca |c 1991 | ||
| 650 | 7 | |a ENTRENAMIENTO ATLETICO |2 CL-VaPUC |9 312966 | |
| 650 | 0 | |a Atletismo |9 307422 | |
| 583 | |a last modification |c 19930824 00:00:00 |k Rodrigo Vera | ||
| 490 | 0 | |a Deportes Técnicos | |
| 999 | |c 220422 |d 220420 | ||
| 952 | |0 0 |1 0 |4 0 |6 796_077000000000000_ZIN_1991 |7 0 |8 A |9 212627 |a BIBEDU |b BIBEDU |d 2019-11-15 |i 2808129 |o 796.077 ZIN 1991 |p 2808129 |r 2019-11-15 |w 2019-11-15 |y BK |k EDU | ||
| 952 | |0 0 |1 0 |4 0 |6 796_077000000000000_ZIN_1991 |7 0 |8 A |9 212628 |a BIBEDU |b BIBEDU |d 2019-11-15 |i 3035670 |o 796.077 ZIN 1991 |p 3035670 |r 2019-11-15 |w 2019-11-15 |y BK |k EFI | ||